000 00888nam a22001937a 4500
003 OSt
005 20250922154123.0
008 240401b ||||| |||| 00| 0 eng d
040 _c0
082 _aDPer 621.381 In821 September 2022 v. 37 n. 9
100 _aRosskopf, Andreas.
_eauthor.
_955710
245 _aEnhancing litz wire power loss calculations by combining a sparse strand element equivalent circuit method with a voronoi-based geometry model /
_cAndreas Rosskopf and Carla Brunner.
260 _aNew York ;
_bThe Institute of Electrical and Electronics Engineers, Inc. ,
_cSeptember 2022.
300 _aVolume 37, pages 11450-11456 :
_billustration ;
_c28 cm
500 _aIEEE Transitions on Power Electronics, v. 37 n. 9, pages 11450-11456, September 2022.
700 _aRosskopf, Andreas.
_eauthor.
_955710
700 _aBrunner, Carla.
_eauthor.
_955711
942 _2ddc
_cPER
999 _c19937
_d19937